| 000 | 00566nam a2200181Ia 4500 | ||
|---|---|---|---|
| 008 | 151018s9999 xx 000 0 und d | ||
| 082 |
_bRBASDV44111 _a891.468 |
||
| 100 | _aमधु मंगेश कर्णिक | ||
| 245 | _aविहंगम | ||
| 250 | _b1 | ||
| 260 |
_bअनघा प्रकाशन ठाणे _c2007 |
||
| 300 | _a160 | ||
| 600 | _aमधु मंगेश कर्णिक | ||
| 630 | _aविहंगम | ||
| 700 | _aमधु मंगेश कर्णिक | ||
| 730 | _aविहंगम | ||
| 942 | _cBOOK | ||
| 999 |
_c1043309 _d1043306 |
||